A harvest of folk-crafts from the collection of the folk-craft museum. tomo 1 /
Guardado en:
| Autor Principal: | |
|---|---|
| Formato: | Libro |
| Materias: | |
| Etiquetas: |
Agregar Etiqueta
Sin Etiquetas, Sea el primero en etiquetar este registro!
|
| LEADER | 00452nam a22001335a 4500 | ||
|---|---|---|---|
| 001 | EHU.bham006124 | ||
| 003 | AR-BHAM | ||
| 005 | 20090522151533.0 | ||
| 008 | 130507b######################000#0#####d | ||
| 082 | 7 | 4 | |a 745.308 |
| 100 | 1 | |a Yanagi, Soetsu | |
| 245 | 1 | 0 | |a A harvest of folk-crafts from the collection of the folk-craft museum. tomo 1 / |c Soetsu Yanagi. |
| 653 | |a Arte folklorico-colecciones | ||
| 859 | |a AR-BHAM |b BIB. HUMANIDADES - General |h 745.308 |i Y15 |p 208.64 |t Ej.1 |v I |3 I | ||
